|
|
|
|
| LEADER |
00000nab a2200000 a 4500 |
| 001 |
vtls000840405 |
| 003 |
SK-MaSNL |
| 005 |
20260303170530.0 |
| 008 |
140303c2003 xo 0 slo |
| 015 |
|
|
|a SNBRB2003/07-20496
|
| 035 |
|
|
|a CLN000192060
|
| 040 |
|
|
|a SNKBUCL
|b slo
|c SNKBUCL
|e AACR2
|
| 041 |
0 |
|
|a slo
|
| 044 |
|
|
|a xo
|c SK
|
| 080 |
|
|
|a 616-008.9
|2 1997
|
| 100 |
1 |
|
|a Mosnárová, Alena
|4 aut
|9 266510
|
| 245 |
1 |
0 |
|a Niektoré fakty o obezite
|c Alena Mosnárová
|
| 650 |
0 |
7 |
|a obezita
|2 snkbucl
|9 2527
|
| 655 |
|
7 |
|a články z novín a časopisov
|2 snkbucl
|9 267496
|
| 773 |
0 |
|
|t Zdravotnícke noviny
|g Roč. 8, č. 23 (2003)
|x 1335-4477
|
| 773 |
0 |
|
|t [Príl.] Lekárske listy
|g Č. 23 (2003), s. 17-18
|x 1335-4477
|
| 850 |
|
|
|a Slovenská národná knižnica v Martine
|
| 852 |
|
|
|a SNK
|b KIS3GCP
|
| 958 |
|
|
|a MI
|
| 992 |
|
|
|a RBX
|
| 999 |
|
|
|c 2077621
|d 2079551
|